[Event "Oberliga Wuerttemberg 2122"]
[Site "Wuerttemberg"]
[Date "2022.04.10"]
[Round "8.8"]
[White "Kilinc, Can"]
[Black "Mock, Markus"]
[Result "1-0"]
[WhiteElo "1950"]
[BlackElo "1956"]
[PlyCount "151"]
[EventDate "2021.09.19"]
[EventType "team-tourn"]
[EventRounds "9"]
[EventCountry "GER"]
[SourceTitle "EXT 2023"]
[Source "ChessBase"]
[SourceDate "2022.10.05"]
[SourceVersion "1"]
[SourceVersionDate "2022.10.05"]
[SourceQuality "1"]
[WhiteTeam "Schoenaich II"]
[BlackTeam "Biberach"]
[WhiteTeamCountry "GER"]
[BlackTeamCountry "GER"]

1. e4 c5 2. Nf3 e6 3. d4 cxd4 4. Nxd4 a6 5. Bd3 Qc7 6. 0-0 Nf6 7. Qe2 d5 8. e5 Nfd7 9. Re1 Nc6 10. Nxc6 bxc6 11. c3 a5 12. Kh1 Nc5 13. Bc2 Ba6 14. Qe3 h5 15. Nd2 g6 16. Nf3 Nd7 17. Ng5 Bh6 18. Qf4 Bxg5 19. Qxg5 Qd8 20. Qf4 Qe7 21. h4 Nc5 22. Qg3 Rb8 23. b3 Qc7 24. Ba3 Nb7 25. Rad1 c5 26. Qf4 Bb5 27. Rd2 Qe7 28. Re3 Rg8 29. Rg3 Bc6 30. c4 Nd8 31. Rg5 Kd7 32. cxd5 Bxd5 33. Be4 Kc6 34. Qf3 Qd7 35. Qd3 Rb5 36. Rg3 Nb7 37. Qc2 Qe7 38. Rg5 Rd8 39. Kh2 Kb6 40. Bd3 f6 41. exf6 Qxf6 42. Rxg6 Qxh4+ 43. Kg1 Rb4 44. Bxb4 axb4 45. Re2 Qd4 46. Be4 Qa1+ 47. Qb1 Qxb1+ 48. Bxb1 c4 49. bxc4 Bxc4 50. Rb2 Ka5 51. Rg3 Rd1+ 52. Kh2 Nd6 53. Rh3 Rd5 54. Bg6 Ka4 55. Bc2+ Ka5 56. Bb3 Rg5 57. Bxc4 Nxc4 58. Re2 e5 59. Rf3 Nd6 60. Rd3 Nc4 61. Rd5+ Ka4 62. Rc5 Rg4 63. f3 Rd4 64. Re4 Nd2 65. Rexe5 Ka3 66. Ra5+ Kb2 67. Red5 Rxd5 68. Rxd5 Nc4 69. Rc5 Na3 70. f4 Kxa2 71. Rc8 b3 72. f5 b2 73. Rb8 b1Q 74. Rxb1 Kxb1 75. f6 Nc4 76. f7 1-0

[Event "GER-ch Net blitz qual2"]
[Site "Playchess.com INT"]
[Date "2020.03.16"]
[Round "2"]
[White "Fehmer, Dirk"]
[Black "Mock, Markus"]
[Result "1-0"]
[WhiteElo "2113"]
[BlackElo "1969"]
[PlyCount "29"]
[EventDate "2020.03.16"]
[EventType "swiss (blitz)"]
[EventRounds "9"]
[EventCountry "GER"]
[SourceTitle "CBM 195 Extra"]
[Source "ChessBase"]
[SourceDate "2020.05.31"]
[SourceVersion "1"]
[SourceVersionDate "2020.05.31"]
[SourceQuality "1"]

1. Nf3 d5 2. g3 Nf6 3. c4 c6 4. Bg2 Bg4 5. Ne5 Bf5 6. cxd5 cxd5 7. Qb3 Qc7 8. 0-0 Qxe5 9. Qxb7 e6 10. Qxa8 Qc7 11. Nc3 Bc5 12. d4 Bxd4 13. Nb5 Bxf2+ 14. Rxf2 Qb7 15. Qxb7 1-0

[Event "GER-ch Net blitz qual2"]
[Site "Playchess.com INT"]
[Date "2020.03.16"]
[Round "4"]
[White "Mock, Markus"]
[Black "Isele, Thomas"]
[Result "0-1"]
[WhiteElo "1969"]
[BlackElo "2040"]
[PlyCount "76"]
[EventDate "2020.03.16"]
[EventType "swiss (blitz)"]
[EventRounds "9"]
[EventCountry "GER"]
[SourceTitle "CBM 195 Extra"]
[Source "ChessBase"]
[SourceDate "2020.05.31"]
[SourceVersion "1"]
[SourceVersionDate "2020.05.31"]
[SourceQuality "1"]

1. d4 Nf6 2. Nf3 d5 3. c4 c6 4. e3 Bf5 5. cxd5 cxd5 6. Qb3 Qc7 7. Nc3 e6 8. Bd2 Be7 9. Rc1 Nc6 10. Bb5 0-0 11. Bxc6 Qxc6 12. Ne5 Qa6 13. Nb5 Rac8 14. 0-0 Qb6 15. Qa4 a6 16. Nc3 Qxb2 17. Rfd1 Qb6 18. e4 Nxe4 19. Nd7 Qd8 20. Nxf8 Nxd2 21. Rxd2 Bxf8 22. Rdd1 Rc4 23. Qb3 Qc7 24. a3 b5 25. Ne2 Be7 26. Rxc4 dxc4 27. Qc3 Be4 28. Ng3 Bb7 29. a4 Qc6 30. f3 b4 31. Qc1 c3 32. Qc2 a5 33. Ne4 Qc4 34. Rb1 h6 35. Nxc3 Qxd4+ 36. Kh1 Bxf3 37. gxf3 bxc3 38. Rb8+ Bf8 0-1

[Event "GER-ch Net blitz qual1"]
[Site "Playchess.com INT"]
[Date "2020.03.07"]
[Round "7"]
[White "Bertz, Marcus"]
[Black "Mock, Markus"]
[Result "1-0"]
[WhiteElo "1780"]
[BlackElo "1969"]
[PlyCount "41"]
[EventDate "2020.03.07"]
[EventType "swiss (blitz)"]
[EventRounds "9"]
[EventCountry "GER"]
[SourceTitle "CBM 195 Extra"]
[Source "ChessBase"]
[SourceDate "2020.05.31"]
[SourceVersion "1"]
[SourceVersionDate "2020.05.31"]
[SourceQuality "1"]

1. e4 c5 2. Nc3 a6 3. g3 b5 4. Bg2 Bb7 5. d3 e6 6. Be3 Nf6 7. h3 d5 8. exd5 exd5 9. d4 c4 10. a3 Be7 11. Nge2 0-0 12. 0-0 Nc6 13. Nf4 Na5 14. Qd2 b4 15. axb4 Bxb4 16. Qd1 Bxc3 17. bxc3 Bc6 18. Nh5 Nb7 19. Bg5 Qd6 20. Bxf6 gxf6 21. Qg4+ 1-0

[Event "GER-ch Net blitz qual1"]
[Site "Playchess.com INT"]
[Date "2020.03.07"]
[Round "8"]
[White "Mock, Markus"]
[Black "Schwarz, Frank"]
[Result "0-1"]
[WhiteElo "1969"]
[BlackElo "2233"]
[PlyCount "78"]
[EventDate "2020.03.07"]
[EventType "swiss (blitz)"]
[EventRounds "9"]
[EventCountry "GER"]
[SourceTitle "CBM 195 Extra"]
[Source "ChessBase"]
[SourceDate "2020.05.31"]
[SourceVersion "1"]
[SourceVersionDate "2020.05.31"]
[SourceQuality "1"]

1. d4 d5 2. Nf3 c6 3. c4 dxc4 4. a4 Bf5 5. Nc3 Nf6 6. e3 e6 7. Bxc4 Bb4 8. 0-0 Nbd7 9. Qb3 Qb6 10. Na2 Bd6 11. a5 Qxb3 12. Bxb3 0-0 13. a6 b6 14. Nc3 Rac8 15. Rd1 Rfd8 16. h3 h6 17. Nd2 c5 18. e4 cxd4 19. exf5 dxc3 20. bxc3 exf5 21. Nc4 Be7 22. Bf4 Nc5 23. Bc2 Nce4 24. Rxd8+ Bxd8 25. Ne3 Nxc3 26. Bxf5 Rc5 27. Kf1 Ncd5 28. Nxd5 Nxd5 29. Bd2 Bf6 30. Rd1 Nc7 31. Be4 Nxa6 32. Be3 Re5 33. Bf3 Nc5 34. Ra1 a5 35. Rb1 Re6 36. Bxc5 bxc5 37. Rb8+ Kh7 38. Bg4 Ra6 39. Rd8 Bxd8 0-1

[Event "Bamberg op 1st"]
[Site "Bamberg"]
[Date "2018.05.09"]
[Round "1"]
[White "Mock, Markus"]
[Black "Maier, Alexander"]
[Result "0-1"]
[WhiteElo "1994"]
[BlackElo "2267"]
[PlyCount "70"]
[EventDate "2018.05.09"]
[EventType "swiss"]
[EventRounds "7"]
[EventCountry "GER"]
[SourceTitle "CBM 184 Extra"]
[Source "ChessBase"]
[SourceDate "2018.06.28"]
[SourceVersion "1"]
[SourceVersionDate "2018.06.28"]
[SourceQuality "1"]

1. d4 c5 2. d5 Nf6 3. Nc3 g6 4. g3 d6 5. Bg2 Bg7 6. e4 0-0 7. Nge2 Na6 8. 0-0 Rb8 9. a4 Nc7 10. h3 b6 11. Be3 a6 12. Qd2 Re8 13. Bh6 Bh8 14. f4 b5 15. axb5 axb5 16. g4 b4 17. Nd1 Nd7 18. c3 bxc3 19. bxc3 Nb6 20. Ne3 Ba6 21. f5 Be5 22. Rf2 Nc4 23. Nxc4 Bxc4 24. fxg6 hxg6 25. Bf4 Bg7 26. Raf1 Rf8 27. h4 Qd7 28. Bh3 Rb3 29. Rf3 Qb5 30. R1f2 Rb2 31. Qe3 Rxe2 32. Rxe2 Bxe2 33. Rg3 Ra8 34. h5 Ra3 35. h6 Bd4 0-1

[Event "Kiel op-A 29th"]
[Site "Kiel"]
[Date "2016.08.04"]
[Round "8"]
[White "Mock, Markus"]
[Black "Richter, Ruediger"]
[Result "0-1"]
[WhiteElo "2002"]
[BlackElo "1905"]
[PlyCount "82"]
[EventDate "2016.07.30"]
[EventType "swiss"]
[EventRounds "9"]
[EventCountry "GER"]
[SourceTitle "EXT 2017"]
[Source "ChessBase"]
[SourceDate "2016.10.25"]
[SourceVersion "1"]
[SourceVersionDate "2016.10.25"]
[SourceQuality "1"]

1. e4 c5 2. Nc3 Nc6 3. g3 g6 4. Bg2 Bg7 5. d3 d6 6. Be3 e5 7. f4 Nge7 8. fxe5 Nxe5 9. h3 N7c6 10. Qd2 0-0 11. 0-0-0 Qa5 12. Nge2 b5 13. Kb1 Rb8 14. Nd5 b4 15. Bh6 Rb6 16. Nxb6 axb6 17. Bxg7 Be6 18. c4 Kxg7 19. b3 Ra8 20. Qb2 b5 21. Rhf1 bxc4 22. dxc4 Kg8 23. Rf2 Bxc4 24. Nc1 Be6 25. Bf1 c4 26. bxc4 Bxc4 27. Nb3 Qa7 28. Rc2 Qa6 29. Rcc1 Bxf1 30. Rxf1 Nd3 31. Qe2 Nxc1 32. Qxa6 Rxa6 33. Rxc1 Ne5 34. Rc8+ Kg7 35. Rb8 Nc6 36. Rc8 Kf6 37. Kb2 Ne5 38. Nd4 Ra3 39. Nb3 Nd3+ 40. Kb1 Nc5 41. Kb2 Na4+ 0-1

[Event "Kiel op-A 29th"]
[Site "Kiel"]
[Date "2016.08.03"]
[Round "7"]
[White "Sass, Patrick"]
[Black "Mock, Markus"]
[Result "0-1"]
[WhiteElo "1841"]
[BlackElo "2002"]
[PlyCount "74"]
[EventDate "2016.07.30"]
[EventType "swiss"]
[EventRounds "9"]
[EventCountry "GER"]
[SourceTitle "CBM 173 Extra"]
[Source "ChessBase"]
[SourceDate "2016.08.29"]
[SourceVersion "1"]
[SourceVersionDate "2016.08.29"]
[SourceQuality "1"]

1. a3 f5 2. d4 d6 3. Nf3 Nf6 4. c4 e6 5. Nc3 b6 6. e3 Bb7 7. Be2 Qe7 8. Bd2 e5 9. 0-0 g6 10. b4 Nbd7 11. Nb5 Qd8 12. dxe5 dxe5 13. Ng5 Ke7 14. Qc2 h6 15. Nf3 a6 16. Nc3 Bg7 17. Rfd1 Qc8 18. Bc1 Ne4 19. Nd5+ Kf7 20. Bb2 c6 21. Nxb6 Nxb6 22. Nxe5+ Bxe5 23. Bxe5 Re8 24. Bb2 Qe6 25. Bd4 c5 26. bxc5 Nd7 27. Rab1 Nexc5 28. a4 Be4 29. Qc3 Bxb1 30. Rxb1 Rab8 31. Rxb8 Rxb8 32. g3 Qe4 33. h3 Qb1+ 34. Kg2 Qb4 35. Qa1 Qxa4 36. Qc3 Qb4 37. Qa1 Nb3 0-1

[Event "Kiel op-A 29th"]
[Site "Kiel"]
[Date "2016.08.02"]
[Round "6"]
[White "Mock, Markus"]
[Black "Keyser, Philipp"]
[Result "0-1"]
[WhiteElo "2002"]
[BlackElo "1865"]
[PlyCount "44"]
[EventDate "2016.07.30"]
[EventType "swiss"]
[EventRounds "9"]
[EventCountry "GER"]
[SourceTitle "CBM 173 Extra"]
[Source "ChessBase"]
[SourceDate "2016.08.29"]
[SourceVersion "1"]
[SourceVersionDate "2016.08.29"]
[SourceQuality "1"]

1. e4 c5 2. Nc3 a6 3. d3 b5 4. Be3 e6 5. g3 Bb7 6. Bg2 Nf6 7. f4 d5 8. e5 Nfd7 9. d4 cxd4 10. Bxd4 Nc6 11. Bf2 Bc5 12. Bxc5 Nxc5 13. Qg4 g6 14. Nf3 Qb6 15. Nd2 Nb4 16. 0-0-0 d4 17. Nce4 Qc7 18. c3 dxc3 19. bxc3 Nxe4 20. Nxe4 Bxe4 21. Bxe4 Qxc3+ 22. Kb1 Qc4 0-1

[Event "Niederbayernliga 1516"]
[Site "Bayern"]
[Date "2016.02.21"]
[Round "7.6"]
[White "Ofierzynski, Krystian"]
[Black "Mock, Markus"]
[Result "0-1"]
[WhiteElo "1678"]
[BlackElo "1913"]
[PlyCount "86"]
[EventDate "2015.10.11"]
[EventType "team-tourn"]
[EventRounds "9"]
[EventCountry "GER"]
[SourceTitle "EXT 2023"]
[Source "ChessBase"]
[SourceDate "2022.10.05"]
[SourceVersion "1"]
[SourceVersionDate "2022.10.05"]
[SourceQuality "1"]
[WhiteTeam "Landau Dingolfing II"]
[BlackTeam "Landshut"]
[WhiteTeamCountry "GER"]
[BlackTeamCountry "GER"]

1. e4 e6 2. Nf3 d5 3. exd5 exd5 4. d4 Nf6 5. Bd3 Bd6 6. 0-0 0-0 7. Bg5 c6 8. Nbd2 Nbd7 9. c3 Re8 10. Qc2 Nf8 11. Rae1 Be6 12. Ne5 h6 13. Bh4 g5 14. Bg3 Nh5 15. Qd1 Nf4 16. Bxf4 gxf4 17. Qh5 Qg5 18. Qf3 f6 19. h4 Qg7 20. Qxf4 fxe5 21. dxe5 Bc5 22. b4 Bb6 23. Kh2 Nd7 24. Nf3 Rf8 25. Qd2 Rae8 26. Nd4 Nxe5 27. Bc2 Bxd4 28. cxd4 Ng4+ 29. Kg1 h5 30. f3 Nh6 31. Re5 Bf5 32. Rfe1 Rxe5 33. Rxe5 Bxc2 34. Qxc2 Qf7 35. Qd2 Nf5 36. g4 hxg4 37. fxg4 Ng7 38. Qe2 Qf4 39. Rg5 Qxd4+ 40. Kg2 Qe4+ 41. Qxe4 dxe4 42. Re5 Re8 43. Rxe8+ Nxe8 0-1

[Event "Niederbayernliga 1516"]
[Site "Bayern"]
[Date "2016.01.31"]
[Round "6.8"]
[White "Mock, Markus"]
[Black "Roesch, David"]
[Result "1-0"]
[WhiteElo "1913"]
[BlackElo "1529"]
[PlyCount "55"]
[EventDate "2015.10.11"]
[EventType "team-tourn"]
[EventRounds "9"]
[EventCountry "GER"]
[SourceTitle "EXT 2023"]
[Source "ChessBase"]
[SourceDate "2022.10.05"]
[SourceVersion "1"]
[SourceVersionDate "2022.10.05"]
[SourceQuality "1"]
[WhiteTeam "Landshut"]
[BlackTeam "Bayerwald Regen"]
[WhiteTeamCountry "GER"]
[BlackTeamCountry "GER"]

1. e4 c5 2. Nc3 Nc6 3. g3 Nf6 4. Bg2 g6 5. d3 Bg7 6. Be3 d6 7. h3 0-0 8. Nge2 Rb8 9. a4 a6 10. f4 Qc7 11. 0-0 b5 12. axb5 axb5 13. Qd2 e6 14. g4 b4 15. Nd1 b3 16. c3 Bb7 17. Ra3 Qb6 18. Nc1 Na5 19. Qf2 Bc6 20. f5 Qc7 21. g5 Nh5 22. Bf3 exf5 23. Bxh5 gxh5 24. exf5 Ba8 25. f6 Qc6 26. Kh2 Bxf6 27. gxf6 Kh8 28. Bh6 1-0

[Event "Staufer op-B 28th"]
[Site "Schwaebisch Gmuend"]
[Date "2016.01.06"]
[Round "9"]
[White "Mock, Markus"]
[Black "Grosse, Manfred"]
[Result "1-0"]
[WhiteElo "1924"]
[BlackElo "1925"]
[PlyCount "89"]
[EventDate "2016.01.02"]
[EventType "swiss"]
[EventRounds "9"]
[EventCountry "GER"]
[SourceTitle "CBM 170 Extra"]
[Source "ChessBase"]
[SourceDate "2016.02.25"]
[SourceVersion "1"]
[SourceVersionDate "2016.02.25"]
[SourceQuality "1"]

1. e4 e5 2. Bc4 Nc6 3. d3 Nf6 4. f4 exf4 5. Bxf4 d6 6. a3 Be7 7. Nf3 0-0 8. Nc3 Be6 9. Bxe6 fxe6 10. Qd2 Rb8 11. 0-0 Nh5 12. Be3 Nf6 13. h3 Qd7 14. Ne2 d5 15. e5 Ne8 16. Rf2 b6 17. Raf1 Nd8 18. Ng3 c5 19. c3 g6 20. Bh6 Ng7 21. Ng5 Rxf2 22. Qxf2 Nf5 23. Nxf5 exf5 24. g4 Bxg5 25. Bxg5 Nf7 26. gxf5 Nxg5 27. Qg3 Nxh3+ 28. Qxh3 Rf8 29. Qg2 Rxf5 30. Rxf5 Qxf5 31. Qxd5+ Kg7 32. Qd6 h5 33. e6 h4 34. Qe7+ Kg8 35. Qd8+ Kg7 36. e7 Qg5+ 37. Kf2 Qd2+ 38. Kf3 Qd1+ 39. Ke4 Qe2+ 40. Kd5 Qxd3+ 41. Kc6 Qe4+ 42. Kc7 Qe5+ 43. Kc8 Qe4 44. e8Q Qa8+ 45. Kc7 1-0

[Event "Niederbayernliga 1516"]
[Site "Bayern"]
[Date "2015.10.11"]
[Round "1.6"]
[White "Stadler, Helmut1111"]
[Black "Mock, Markus"]
[Result "1/2-1/2"]
[WhiteElo "1765"]
[BlackElo "1913"]
[PlyCount "43"]
[EventDate "2015.10.11"]
[EventType "team-tourn"]
[EventRounds "9"]
[EventCountry "GER"]
[SourceTitle "EXT 2023"]
[Source "ChessBase"]
[SourceDate "2022.10.05"]
[SourceVersion "1"]
[SourceVersionDate "2022.10.05"]
[SourceQuality "1"]
[WhiteTeam "Grafenau"]
[BlackTeam "Landshut"]
[WhiteTeamCountry "GER"]
[BlackTeamCountry "GER"]

1. e4 e6 2. d4 d5 3. Nc3 Bb4 4. e5 c5 5. Nf3 Ne7 6. Bd2 Nf5 7. dxc5 Bxc5 8. Bd3 Nh4 9. g3 Nxf3+ 10. Qxf3 Nc6 11. Bb5 Bd7 12. Bxc6 Bxc6 13. 0-0 Qc7 14. Qf4 h6 15. b4 Be7 16. Rab1 Bg5 17. Qd4 Bxd2 18. Qxd2 Qxe5 19. Rfe1 Qg5 20. Qxg5 hxg5 21. b5 Bd7 22. Nxd5 1/2-1/2

[Event "Regionalliga SO 1415"]
[Site "Bayern"]
[Date "2015.02.22"]
[Round "7.7"]
[White "Mock, Markus"]
[Black "Gruber, Helmut"]
[Result "1/2-1/2"]
[WhiteElo "1913"]
[BlackElo "1750"]
[PlyCount "86"]
[EventDate "2014.10.19"]
[EventType "team-tourn"]
[EventRounds "9"]
[EventCountry "GER"]
[SourceTitle "EXT 2018"]
[Source "ChessBase"]
[SourceDate "2017.10.13"]
[SourceVersion "1"]
[SourceVersionDate "2017.10.13"]
[SourceQuality "1"]
[WhiteTeam "Landshut"]
[BlackTeam "Bayerwald Regen/Zwiesel"]
[WhiteTeamCountry "GER"]
[BlackTeamCountry "GER"]

1. c4 e6 2. Nc3 d5 3. d4 c6 4. cxd5 exd5 5. Nf3 Nf6 6. Bf4 Bd6 7. Bxd6 Qxd6 8. e3 Bf5 9. Bd3 Bxd3 10. Qxd3 Nbd7 11. a3 0-0 12. 0-0 Rfe8 13. b4 a6 14. Na4 Ne4 15. Nc5 b5 16. Nxd7 Qxd7 17. Ne5 Qb7 18. Rac1 Rac8 19. Rc2 f6 20. Nf3 Nd6 21. Nd2 Nc4 22. Nb3 Qc7 23. Nc5 a5 24. Ra1 Ra8 25. Rca2 Ra7 26. Nb3 Rea8 27. bxa5 Nxa5 28. Nc5 Nc4 29. g3 Qe7 30. Qc2 Nxa3 31. Qb3 Nc4 32. Na6 Qb7 33. Nb4 Rxa2 34. Rxa2 Rxa2 35. Qxa2 Kf7 36. Qc2 g6 37. e4 Ke6 38. Qe2 Kd6 39. exd5 cxd5 40. Qf3 Ke6 41. Qg4+ f5 42. Qe2+ Kd6 43. Qe8 Qd7 1/2-1/2

[Event "Regionalliga SO 1415"]
[Site "Bayern"]
[Date "2015.01.18"]
[Round "5.7"]
[White "Mock, Markus"]
[Black "Loew, Peter"]
[Result "0-1"]
[WhiteElo "1913"]
[BlackElo "1969"]
[PlyCount "116"]
[EventDate "2014.10.19"]
[EventType "team-tourn"]
[EventRounds "9"]
[EventCountry "GER"]
[SourceTitle "EXT 2018"]
[Source "ChessBase"]
[SourceDate "2017.10.13"]
[SourceVersion "1"]
[SourceVersionDate "2017.10.13"]
[SourceQuality "1"]
[WhiteTeam "Landshut"]
[BlackTeam "Waldkraiburg"]
[WhiteTeamCountry "GER"]
[BlackTeamCountry "GER"]

1. c4 g6 2. Nc3 Bg7 3. g3 e5 4. Bg2 d6 5. e3 Nf6 6. Nge2 0-0 7. 0-0 Nh5 8. d4 Nc6 9. a3 a5 10. Rb1 exd4 11. exd4 Bf5 12. Ra1 Qd7 13. Be3 Bh3 14. Qd2 Bxg2 15. Kxg2 Rfe8 16. Nd5 Ne7 17. Nxe7+ Rxe7 18. Rac1 Nf6 19. h3 c6 20. Nc3 d5 21. cxd5 Nxd5 22. Bg5 Re6 23. Bh6 Bh8 24. Kh2 b6 25. Rfe1 Rae8 26. Rxe6 Rxe6 27. Rd1 Re8 28. Qd3 Qe6 29. Qf3 Rd8 30. Rd2 Nxc3 31. bxc3 Re8 32. Rd3 Qd5 33. Qxd5 cxd5 34. Kg2 Bf6 35. h4 Bd8 36. Kf3 f6 37. Bf4 Re6 38. Re3 Kf7 39. Rxe6 Kxe6 40. a4 Kd7 41. Ke2 Kc6 42. Kd3 b5 43. axb5+ Kxb5 44. Bd6 f5 45. Bf8 f4 46. Bd6 fxg3 47. fxg3 h5 48. Ke3 Kc4 49. Kf4 Kxc3 50. Ke5 Kc4 51. Ke6 Kxd4 52. Kf7 g5 53. hxg5 Bxg5 54. Kg6 Bd8 55. Kxh5 Ke4 56. Kg6 d4 57. Bf4 a4 58. Bc1 d3 0-1